Third Generation Pokémon- Sudden Death - Statistics

General Stats
  • This quiz has been taken 39 times
  • The average score is 10 of 15
Answers on the Grid
Answers color-coded by a green-red scale on the quiz's grid according to % correct below.
Tangrowth
Lileep
Relicanth
Sudowoodo
Sceptile
Marowak
Mightyena
Makuhita
Mismagius
Solrock
Ambipom
Palpitoad
Gulpin
Celebi
Torkoal
Skitty
Qwilfish
Dreepy
Wooloo
Annihilape
Nuzleaf
Nosepass
Metapod
Skiploom
Goomy
Kecleon
Flygon
Yamask
Silcoon
Wailord
 
Answer Stats
Answer % Correct
Makuhita
75%
Mightyena
75%
Relicanth
75%
Sceptile
71%
Solrock
71%
Gulpin
67%
Lileep
67%
Skitty
67%
Kecleon
63%
Nosepass
63%
Torkoal
63%
Flygon
58%
Nuzleaf
58%
Wailord
58%
Silcoon
54%
No matching quizzes found
Score Distribution
Percent of People with Each Score
Percentile by Number Answered
Your Score History
You have not taken this quiz